000 00993nam a2200277 i 4500
003 EG-GICUC
005 20260415215108.0
008 260415r2002 nyu||||fr|||| 000 0 eng d
040 _aEG-GiCUC
_beng
_cEG-GiCUC
_dEG-GiCUC
_erda
082 0 4 _221
_a341.762
_bUN . U
092 0 4 _221
099 _aLaw1 11 341.762 UN . U 2002
110 _aUnited Nations Environment Programme
_eAuthor.
245 1 0 _aUNEP Compendium Of Summaries Of Judicial Decisions In Environment Related Cases/
_cUnited Nations Environment Programme.
264 0 1 _aNew York:
_bUnited Nations Environment Programme,
_c2002.
300 _a141 Pages;
_c24 cm.
336 _2rda content
_atext
337 _2rda media
_aComputer
338 _2rda carrier
_aOnline Resource
546 _aText in English
650 1 _aPublic International Law
650 1 _aNatural Resources -- Protection -- International Law
856 4 0 _uhttps://fll.law.cu.edu.eg/fulltext/bks/B11-09657.pdf
905 _a59
942 _2ddc
_cBK
_e21
_n0
999 _c71308
_d71308